[Event "Buenos Aires"]
[Site "Buenos Aires"]
[Date "1980.??.??"]
[Round "?"]
[White "Timman, Jan H"]
[Black "Giardelli, Sergio C"]
[Result "1/2-1/2"]
[WhiteElo "2600"]
[BlackElo "2300"]
[PlyCount "98"]
[EventDate "1980.10.??"]
[Source "ChessBase"]

1. d4 Nf6 2. c4 e6 3. Nf3 b6 4. g3 Bb7 5. Bg2 Bb4+ 6. Bd2 Be7 7. Nc3 O-O 8. O-O Ne4 9. Rc1 d5 10. cxd5 Nxc3 11. Rxc3 Bxd5 12. Bf4 c5 13. dxc5 Bxc5 14. Qb1 f5 15. b4 Be7 16. Rd1 Na6 17. Ne5 Bxb4 18. Bxd5 exd5 19. Nc6 Qf6 20. Nxb4 Qxc3 21. Nxa6 Rac8 22. Nc7 Qc4 23. Nxd5 Rcd8 24. Ne7+ Kh8 25. Rxd8 Rxd8 26. Nxf5 Qxe2 27. Nd6 Qe6 28. Qc2 h6 29. Qc7 Rd7 30. Qc6 Re7 31. a4 Qe2 32. Kg2 Qd3 33. h4 Re1 34. Be3 Qf1+ 35. Kh2 Qg1+ 36. Kh3 Qh1+ 37. Qxh1 Rxh1+ 38. Kg4 Ra1 39. Kf5 Kh7 40. Nc8 Rxa4 41. Ke6 b5 42. Kd5 b4 43. Kc4 a5 44. Na7 Kg6 45. Nc6 Ra2 46. Nd4 Rb2 47. Kb5 b3 48. Ka4 Rxf2 49. Kxb3 Rf7 1/2-1/2

[Event "Pucarevo zt"]
[Site "Pucarevo"]
[Date "1987.??.??"]
[Round "5"]
[White "Barlov, Dragan"]
[Black "Skembris, Spyridon"]
[Result "1-0"]
[WhiteElo "2495"]
[BlackElo "2400"]
[PlyCount "139"]
[EventDate "1987.03.??"]
[Source "www.chesslib.no"]
[SourceDate "2004.05.04"]

1. d4 Nf6 2. c4 e6 3. Nf3 b6 4. g3 Bb7 5. Bg2 Bb4+ 6. Bd2 Be7 7. Nc3 O-O 8. O-O Re8 9. Qc2 c5 10. d5 exd5 11. Ng5 g6 12. cxd5 d6 13. e4 Nfd7 14. Nf3 Ba6 15. Rfe1 Bf6 16. Bf4 Ne5 17. Bxe5 Bxe5 18. Nxe5 dxe5 19. Nd1 Nd7 20. Ne3 Qc7 21. a4 Qd6 22. Bh3 Rac8 23. b3 Rc7 24. Rec1 Nf6 25. b4 Qf8 26. Bg2 h5 27. b5 Bc8 28. Nc4 h4 29. Qd2 hxg3 30. hxg3 Bd7 31. Re1 Qg7 32. Rad1 Qh8 33. Qg5 Nh7 34. Qh6 Qg7 35. Qxg7+ Kxg7 36. f4 Bg4 37. Ra1 f6 38. Kf2 Nf8 39. fxe5 fxe5 40. Ke3 Nd7 41. Rf1 Rh8 42. Rf2 Rcc8 43. a5 Rc7 44. axb6 axb6 45. Ra6 Rb8 46. Kd2 Kh6 47. Rf7 Kg5 48. Nxb6 c4 49. Kc3 Rcb7 50. Nxd7 Bxd7 51. b6 Bb5 52. Rxb7 Rxb7 53. Ra1 Kg4 54. Rb1 Bd7 55. Kxc4 Kxg3 56. Rb2 g5 57. Kc5 g4 58. Bf1 Kf3 59. Bg2+ Ke3 60. Kd6 Kf4 61. Bf1 g3 62. Bg2 Ba4 63. Rb4 Be8 64. Rb3 Ba4 65. Rf3+ Kg4 66. Kc5 Bc2 67. Ra3 Rb8 68. Ra7 Kf4 69. Rf7+ Kg4 70. b7 1-0

[Event "Spring Open"]
[Site "Budapest HUN"]
[Date "1991.??.??"]
[Round "3"]
[White "Naumkin, Igor"]
[Black "Zsinka, Laszlo"]
[Result "1/2-1/2"]
[WhiteElo "2505"]
[BlackElo "2375"]
[PlyCount "30"]
[EventDate "1991.03.??"]
[Source "www.chesslib.no"]
[SourceDate "2004.05.04"]

1. d4 Nf6 2. c4 e6 3. Nf3 b6 4. g3 Bb7 5. Bg2 Bb4+ 6. Bd2 Be7 7. Nc3 O-O 8. O-O d5 9. cxd5 exd5 10. Qc2 Na6 11. Rfd1 Qc8 12. Rac1 Rd8 13. Bf4 c5 14. Be5 Nh5 15. dxc5 bxc5 1/2-1/2

[Event "HUN Ch"]
[Site "HUN"]
[Date "1989.??.??"]
[Round "?"]
[White "Lukacs, Peter"]
[Black "Horvath, Gyula"]
[Result "1-0"]
[WhiteElo "2465"]
[BlackElo "2410"]
[PlyCount "89"]
[EventDate "1989.05.??"]
[Source "www.chesslib.no"]
[SourceDate "2004.05.04"]

1. d4 Nf6 2. c4 e6 3. Nf3 b6 4. g3 Bb7 5. Bg2 Bb4+ 6. Bd2 Be7 7. Nc3 O-O 8. O-O c5 9. d5 exd5 10. Nh4 Ne4 11. Nf5 Bf6 12. cxd5 Nxc3 13. Bxc3 Bxc3 14. bxc3 Qf6 15. e4 d6 16. Qd2 Bc8 17. Ne3 Nd7 18. f4 Ba6 19. Rfe1 Rae8 20. Ng4 Qd8 21. Re3 Bc8 22. Nf2 b5 23. Rae1 f6 24. Bf1 Qa5 25. Qe2 c4 26. Bh3 Nb6 27. Bxc8 Rxc8 28. Qd2 Rc5 29. g4 Qa6 30. Nh1 Qc8 31. h3 Re8 32. Ng3 g6 33. Ne2 Qd7 34. Nd4 Rcc8 35. Rd1 Na4 36. Nc6 a6 37. Qd4 Rf8 38. e5 fxe5 39. fxe5 dxe5 40. Rxe5 Rxc6 41. dxc6 Qxc6 42. Re7 Qf6 43. Qxf6 Rxf6 44. Rd8+ Rf8 45. Rdd7 1-0

[Event "HUN Ch"]
[Site "Budapest HUN"]
[Date "1978.??.??"]
[Round "?"]
[White "Lukacs, Peter"]
[Black "Kovacs, Laszlo M"]
[Result "1-0"]
[WhiteElo "2460"]
[BlackElo "2400"]
[PlyCount "109"]
[EventDate "1978.12.??"]
[Source "www.chesslib.no"]
[SourceDate "2004.05.04"]

1. d4 Nf6 2. c4 e6 3. Nf3 b6 4. g3 Bb7 5. Bg2 Bb4+ 6. Bd2 Be7 7. Nc3 c5 8. d5 d6 9. O-O e5 10. Nh4 O-O 11. Nf5 Bc8 12. Qc2 a6 13. a3 Ra7 14. Rab1 Ne8 15. Nxe7+ Rxe7 16. e4 Nd7 17. Rfe1 Nc7 18. b4 Ne8 19. Na4 h6 20. Rb2 f5 21. exf5 Ref7 22. bxc5 bxc5 23. Bh3 Nef6 24. f3 Nh7 25. Nc3 Ndf6 26. g4 Ne8 27. Bg2 Qh4 28. Rf1 h5 29. Be1 Qe7 30. Ne4 hxg4 31. fxg4 g6 32. fxg6 Rxf1+ 33. Bxf1 Ng5 34. Nxg5 Qxg5 35. h3 Ng7 36. Bg2 Bd7 37. Rb6 Qf6 38. Bf2 Ba4 39. Qd2 Qxg6 40. Bxc5 Ne8 41. Rxa6 Bb3 42. Be3 Bxc4 43. Ra7 Nf6 44. Bh6 Rf7 45. Ra8+ Kh7 46. Rf8 Rb7 47. Bg5 Qb1+ 48. Qc1 Qd3 49. Kh2 Rb1 50. Rh8+ Kg6 51. Rh6+ Kf7 52. Rxf6+ Kg7 53. Bh6+ Kxf6 54. Qg5+ Kf7 55. Qg7+ 1-0

[Event "Balkaniad"]
[Site "Varna BUL"]
[Date "1994.??.??"]
[Round "5"]
[White "Karkanaque, Ilir"]
[Black "Grivas, Efstratios"]
[Result "1-0"]
[WhiteElo "2355"]
[BlackElo "2505"]
[PlyCount "178"]
[EventDate "1994.10.??"]
[Source "www.chesslib.no"]
[SourceDate "2004.05.04"]

1. d4 Nf6 2. c4 e6 3. Nf3 b6 4. g3 Bb7 5. Bg2 Bb4+ 6. Bd2 Be7 7. O-O O-O 8. Nc3 Na6 9. Bf4 Ne4 10. Rc1 d6 11. Nxe4 Bxe4 12. Qd2 Qc8 13. Rfd1 Qb7 14. d5 e5 15. Be3 Rae8 16. Bh3 c5 17. dxc6 Bxc6 18. Bg2 Nc5 19. b4 Ne4 20. Qc2 Qa8 21. Ne1 f5 22. f3 Ng5 23. c5 bxc5 24. bxc5 d5 25. f4 exf4 26. Bxf4 d4 27. Rxd4 Kh8 28. Rcd1 Bxg2 29. Nxg2 Nh3+ 30. Kf1 Nxf4 31. gxf4 Rc8 32. Rd5 Rf6 33. Qc4 Rg6 34. R1d3 Rgc6 35. Rc3 Bxc5 36. Qd3 Bb6 37. Rxc6 Qxc6 38. Ne1 Re8 39. Nf3 Qh6 40. Re5 Rc8 41. Qc4 Rd8 42. Rd5 Rf8 43. h4 Qg6 44. Ke1 h6 45. Kd2 Qe6 46. Ne5 Rc8 47. Qd3 Bc7 48. h5 Bxe5 49. Rxe5 Qxa2+ 50. Ke1 Qb2 51. Qxf5 Qb4+ 52. Kf1 Rf8 53. Rb5 Qd6 54. Qe5 Rxf4+ 55. Kg2 Rg4+ 56. Kf3 Qxe5 57. Rxe5 Rg5 58. Re8+ Kh7 59. e4 Rxh5 60. e5 Kg6 61. Ke4 Rh1 62. Rf8 h5 63. e6 Re1+ 64. Kd5 h4 65. Kd6 Kg5 66. e7 h3 67. Rf1 Rxf1 68. e8=Q Rf6+ 69. Ke5 Rf5+ 70. Ke4 g6 71. Qd8+ Kg4 72. Qd1+ Kh4 73. Qe1+ Kg4 74. Qg1+ Kh5 75. Qg3 a5 76. Qxh3+ Kg5 77. Qh8 a4 78. Ke3 a3 79. Qd8+ Kg4 80. Qd1+ Kg5 81. Qa4 Kh6 82. Qxa3 Kg7 83. Qe7+ Kg8 84. Ke4 Kh8 85. Qh4+ Kg7 86. Ke3 Rf7 87. Qd8 Rf5 88. Qd4+ Kg8 89. Ke2 Rf7 1-0

[Event "Hungary HUN"]
[Site "?"]
[Date "2006.03.19"]
[Round "9"]
[White "Horvath Jozsef M"]
[Black "Zsinka Laszlo"]
[Result "0-1"]
[WhiteElo "2525"]
[BlackElo "2335"]
[PlyCount "110"]
[EventDate "2006.??.??"]
[Source "www.chesslib.no"]
[SourceDate "2004.05.04"]

1. d4 Nf6 2. c4 e6 3. Nf3 b6 4. g3 Bb7 5. Bg2 Bb4+ 6. Bd2 Be7 7. Nc3 O-O 8. O-O d5 9. cxd5 exd5 10. Ne5 Na6 11. Rc1 c5 12. Be3 Qd6 13. Qa4 Rfd8 14. Rfd1 Qe6 15. Nd3 c4 16. Ne5 Nb4 17. b3 cxb3 18. Qxb3 Nc6 19. Nxc6 Bxc6 20. Bg5 Qd7 21. e4 dxe4 22. d5 Bb7 23. Bxf6 Bxf6 24. Nxe4 Be5 25. h4 h6 26. Rd3 Kh8 27. Qd1 Rac8 28. Rxc8 Bxc8 29. d6 Bb7 30. Nd2 Bxg2 31. Kxg2 Qc6+ 32. Qf3 Rxd6 33. Qxc6 Rxc6 34. Nf3 Bc7 35. Rd7 Kg8 36. Nd4 Rc5 37. Kf3 Kf8 38. Ke4 Ke8 39. Rd5 g6 40. Rxc5 bxc5 41. Nb5 Bb6 42. g4 Ke7 43. h5 Ke6 44. hxg6 fxg6 45. f4 h5 46. gxh5 gxh5 47. f5+ Kf6 48. Nc3 Bd8 49. Nd5+ Kg5 50. Ke5 h4 51. f6 Kg6 52. Ke6 Bxf6 53. Nxf6 h3 54. Ng4 c4 55. Nf2 h2 0-1

[Event "Tel Aviv-A"]
[Site "Tel Aviv ISR"]
[Date "1989.??.??"]
[Round "9"]
[White "Winants, Luc"]
[Black "Shvidler, Eliahu"]
[Result "1-0"]
[WhiteElo "2435"]
[BlackElo "2410"]
[PlyCount "109"]
[EventDate "1989.04.??"]
[Source "www.chesslib.no"]
[SourceDate "2004.05.04"]

1. d4 Nf6 2. c4 e6 3. Nf3 b6 4. g3 Bb7 5. Bg2 Bb4+ 6. Bd2 Be7 7. O-O O-O 8. Nc3 d5 9. Ne5 c6 10. Bf4 Nfd7 11. cxd5 cxd5 12. Rc1 Nxe5 13. Bxe5 Nc6 14. Qd3 Qd7 15. Rfd1 Rfd8 16. Bf4 f5 17. Be5 Rac8 18. e3 Na5 19. Ne2 Rxc1 20. Rxc1 Rc8 21. Rxc8+ Qxc8 22. Qc3 Qc4 23. Qxc4 dxc4 24. Bxb7 Nxb7 25. f3 Bd6 26. Bxd6 Nxd6 27. Kf2 b5 28. Ke1 b4 29. Kd2 g5 30. b3 c3+ 31. Kd3 h5 32. a3 bxa3 33. Nxc3 g4 34. f4 Kf7 35. Kc2 h4 36. Kb1 h3 37. Ka2 Ke7 38. Kxa3 Kd7 39. Kb2 Kc6 40. Kc2 Ne8 41. Kd3 Nf6 42. e4 Nh5 43. Ne2 Nf6 44. d5+ Kc7 45. d6+ Kd7 46. exf5 exf5 47. Nd4 Kxd6 48. b4 Nh5 49. Nxf5+ Ke6 50. Nd4+ Kd5 51. Ne2 Ng7 52. Nc3+ Ke6 53. Ne4 Nf5 54. Nf2 Nxg3 55. hxg3 1-0

[Event "HUN-chT1 9697"]
[Site "Hungary"]
[Date "1996.??.??"]
[Round "6"]
[White "Karolyi, Tibor Jr"]
[Black "Horvath, Gyula"]
[Result "1/2-1/2"]
[WhiteElo "2390"]
[BlackElo "2445"]
[PlyCount "43"]
[EventDate "1996.??.??"]
[Source "www.chesslib.no"]
[SourceDate "2004.05.04"]

1. d4 Nf6 2. c4 e6 3. Nf3 b6 4. g3 Bb7 5. Bg2 Bb4+ 6. Bd2 Be7 7. Nc3 c6 8. e4 d5 9. cxd5 cxd5 10. e5 Ne4 11. O-O Nxc3 12. bxc3 Ba6 13. Re1 O-O 14. h4 Nc6 15. Ng5 Rc8 16. Bf1 Bxf1 17. Rxf1 h6 18. Nh3 Ba3 19. Kg2 f5 20. exf6 Qxf6 21. Nf4 Bd6 22. Qe2 1/2-1/2

[Event "Gausdal zt"]
[Site "Gausdal"]
[Date "1985.??.??"]
[Round "?"]
[White "Ostenstad, Berge"]
[Black "Yrjola, Jouni"]
[Result "1-0"]
[WhiteElo "2330"]
[BlackElo "2500"]
[PlyCount "80"]
[EventDate "1985.01.??"]
[Source "ChessBase"]

1. d4 Nf6 2. c4 e6 3. Nf3 b6 4. g3 Bb7 5. Bg2 Bb4+ 6. Bd2 Be7 7. Nc3 O-O 8. O-O Na6 9. Bf4 d6 10. d5 e5 11. Bc1 Nc5 12. Ne1 a5 13. e4 c6 14. dxc6 Bxc6 15. Qe2 Qc7 16. Nc2 Qb7 17. Re1 Rfe8 18. b3 Ne6 19. Bb2 Nd7 20. Rad1 Ndc5 21. Nd5 Bg5 22. Qg4 Kh8 23. h4 Bh6 24. Qf3 Rf8 25. Bh3 b5 26. cxb5 Bxb5 27. Nc3 Rad8 28. Nxb5 Qxb5 29. Bf1 Qb6 30. Bc4 g6 31. Ne3 Bg7 32. Nd5 Qa7 33. Qe3 f5 34. exf5 gxf5 35. f4 Nd4 36. Bxd4 exd4 37. Qe7 Rd7 38. Qe2 Ne4 39. Qd3 Qb8 40. Kg2 Qd8 1-0

[Event "Nassau CC Ch"]
[Site "Long Island"]
[Date "1989.??.??"]
[Round "8"]
[White "Braun, Leslie"]
[Black "Rohde, Michael A"]
[Result "0-1"]
[WhiteElo "2285"]
[BlackElo "2540"]
[PlyCount "78"]
[EventDate "1989.??.??"]
[Source "www.chesslib.no"]
[SourceDate "2004.05.04"]

1. d4 Nf6 2. c4 e6 3. Nf3 b6 4. g3 Bb7 5. Bg2 Bb4+ 6. Bd2 Be7 7. Nc3 O-O 8. O-O Na6 9. Bg5 c5 10. Rc1 d6 11. Qd2 cxd4 12. Nxd4 Bxg2 13. Kxg2 Rc8 14. b3 Qd7 15. Rfd1 Qb7+ 16. f3 Rfd8 17. e4 h6 18. Be3 Nc5 19. Qe2 a6 20. Nc2 Ncd7 21. Ne1 Re8 22. Qf2 b5 23. cxb5 axb5 24. Nd3 b4 25. Na4 Rxc1 26. Nxc1 d5 27. exd5 Nxd5 28. Nd3 Bf8 29. Rc1 e5 30. Ndb2 f5 31. Nc4 f4 32. gxf4 e4 33. Re1 exf3+ 34. Qxf3 Nxf4+ 35. Kg3 Nd5 36. Rd1 N7f6 37. Bd4 Ne4+ 38. Kg2 Ng5 39. Qf2 Ne3+ 0-1

[Event "Sarospatak Open"]
[Site "Sarospatak"]
[Date "1995.??.??"]
[Round "?"]
[White "Varga, Zoltan"]
[Black "Zsinka, Laszlo"]
[Result "1/2-1/2"]
[WhiteElo "2460"]
[BlackElo "2355"]
[PlyCount "62"]
[EventDate "1995.??.??"]
[Source "www.chesslib.no"]
[SourceDate "2004.05.04"]

1. d4 Nf6 2. c4 e6 3. Nf3 b6 4. g3 Bb7 5. Bg2 Bb4+ 6. Bd2 Be7 7. O-O O-O 8. Nc3 d5 9. cxd5 exd5 10. Rc1 Na6 11. Ne5 c5 12. Bg5 Ne4 13. Bf4 cxd4 14. Nb5 f6 15. Nf3 g5 16. Bd2 Qd7 17. Nfxd4 Rfc8 18. Rxc8+ Qxc8 19. Be3 Nac5 20. b4 a6 21. bxc5 bxc5 22. Bxe4 dxe4 23. Qb3+ c4 24. Qb1 axb5 25. Qxb5 Rxa2 26. Rc1 Qa8 27. Qd7 Bf8 28. Qe6+ Kh8 29. Qxf6+ Bg7 30. Qxg5 h6 31. Qg6 Ra1 1/2-1/2

[Event "Rubinstein Memorial"]
[Site "Polanica Zdroj POL"]
[Date "1989.??.??"]
[Round "2"]
[White "Gruenberg, Hans-Ulrich"]
[Black "Siekanski, Janusz"]
[Result "0-1"]
[WhiteElo "2475"]
[BlackElo "2340"]
[PlyCount "120"]
[EventDate "1989.08.??"]
[Source "www.chesslib.no"]
[SourceDate "2004.05.04"]

1. d4 Nf6 2. c4 e6 3. Nf3 b6 4. g3 Bb7 5. Bg2 Bb4+ 6. Bd2 Be7 7. O-O c5 8. Bf4 cxd4 9. Nxd4 Bxg2 10. Kxg2 a6 11. Nc3 d6 12. Nf3 O-O 13. Qd3 Qc7 14. Rfd1 Rd8 15. Rac1 Qb7 16. Kg1 Nbd7 17. Nd2 Nc5 18. Qf3 Qxf3 19. Nxf3 Rab8 20. b4 Nce4 21. Nxe4 Nxe4 22. Nd4 Rdc8 23. f3 Nf6 24. b5 e5 25. Nf5 Kf8 26. Bg5 Rc7 27. a4 Rbc8 28. Bxf6 gxf6 29. Nxd6 Rd8 30. Nf5 Rxd1+ 31. Rxd1 Rxc4 32. a5 axb5 33. axb6 Bc5+ 34. Kg2 Bxb6 35. Rb1 b4 36. Nd6 Rc6 37. Nf5 Bc5 38. Kf1 Rb6 39. Rb3 Ke8 40. Ke1 Kd7 41. Kd2 Kc6 42. Kc2 Kb5 43. Rd3 Ka4 44. Rd7 b3+ 45. Kb1 Rb8 46. Rc7 Kb4 47. Rd7 Ra8 48. Rd2 Ra6 49. g4 Kc4 50. h4 Bd4 51. Nxd4 exd4 52. Rd1 Ra2 53. Rc1+ Kb4 54. Rc7 Rxe2 55. Rb7+ Kc3 56. Rc7+ Kd2 57. Kb2 d3 58. Kxb3 Ke1 59. Rc1+ Kf2 60. Rc6 d2 0-1

[Event "Hlohovec Open"]
[Site "Hlohovec"]
[Date "1995.??.??"]
[Round "?"]
[White "Polak, Tomas"]
[Black "Votava, Jan"]
[Result "0-1"]
[WhiteElo "2420"]
[BlackElo "2395"]
[PlyCount "92"]
[EventDate "1995.??.??"]
[Source "www.chesslib.no"]
[SourceDate "2004.05.04"]

1. d4 Nf6 2. c4 e6 3. Nf3 b6 4. g3 Bb7 5. Bg2 Bb4+ 6. Bd2 Be7 7. Nc3 O-O 8. O-O Na6 9. Qa4 Qc8 10. Bg5 c5 11. d5 h6 12. Bxf6 Bxf6 13. Rad1 Nc7 14. d6 Ne8 15. Rd2 Bc6 16. Qc2 Qb7 17. Rfd1 a6 18. Ne1 g6 19. Bxc6 Qxc6 20. Qe4 Qxe4 21. Nxe4 Bg7 22. a4 f5 23. Nc3 Nf6 24. Nf3 Ne4 25. Nxe4 fxe4 26. Nh4 g5 27. Ng2 Rf7 28. Ne1 Rb8 29. Rc1 Bd4 30. e3 Bg7 31. Kg2 g4 32. h3 h5 33. hxg4 hxg4 34. b3 Rf5 35. Nc2 Rh5 36. Na3 Kf7 37. Rh1 Rxh1 38. Kxh1 Be5 39. Nb1 b5 40. cxb5 axb5 41. Na3 bxa4 42. bxa4 Rb4 43. Rc2 Bxd6 44. Nb5 Be7 45. Ra2 d5 46. Na7 Rb6 0-1

[Event "Budapest Elekes"]
[Site "Budapest"]
[Date "1985.??.??"]
[Round "?"]
[White "Groszpeter, Attila"]
[Black "Zsinka, Laszlo"]
[Result "1-0"]
[WhiteElo "2470"]
[BlackElo "2340"]
[PlyCount "155"]
[EventDate "1985.05.??"]
[Source "ChessBase"]

1. d4 Nf6 2. c4 e6 3. Nf3 b6 4. g3 Bb7 5. Bg2 Bb4+ 6. Bd2 Be7 7. Nc3 O-O 8. O-O d5 9. cxd5 exd5 10. Rc1 Na6 11. Ne5 c5 12. dxc5 Nxc5 13. Nb5 a6 14. Nd4 Bd6 15. Bf4 Re8 16. b4 Bxe5 17. Bxe5 Rxe5 18. bxc5 bxc5 19. Rxc5 Rc8 20. Qc2 g6 21. Rc1 Rxc5 22. Qxc5 Re7 23. e3 Ne8 24. Rd1 Rc7 25. Qa5 Nf6 26. Nb3 Qe7 27. Qb6 Rc6 28. Qa7 Qc7 29. Qd4 Qb6 30. Qxb6 Rxb6 31. Bf1 Bc6 32. Rc1 Bb5 33. f3 Kg7 34. Rc7 Ne8 35. Rc5 Ba4 36. Nd4 Rb2 37. Bxa6 Rxa2 38. Ra5 Nc7 39. Bc8 Ra1+ 40. Kf2 Ra2+ 41. Ke1 Ra1+ 42. Kd2 Rd1+ 43. Kc3 Nb5+ 44. Nxb5 Bxb5 45. Rxb5 Rc1+ 46. Kd3 Rxc8 47. g4 Ra8 48. Rxd5 Ra2 49. h4 Rf2 50. Ke4 h5 51. gxh5 Rh2 52. hxg6 Rxh4+ 53. Ke5 Kxg6 54. Rd6+ Kg7 55. e4 Rh5+ 56. Kf4 Ra5 57. e5 Rb5 58. Ra6 Rc5 59. Kf5 Rb5 60. f4 Rc5 61. Kg5 Rb5 62. Ra7 Rc5 63. Kg4 Kf8 64. Kf5 Kg7 65. Ke4 Rc4+ 66. Kf3 Rc3+ 67. Ke4 Rc4+ 68. Ke3 Kg6 69. Ra6+ Kg7 70. f5 Rb4 71. Ra7 Kg8 72. Kf3 Rc4 73. Rd7 Rb4 74. f6 Ra4 75. Rd8+ Kh7 76. e6 Ra6 77. e7 Rxf6+ 78. Kg4 1-0

[Event "Cseppko op-A 11th"]
[Site "?"]
[Date "1998.??.??"]
[Round "?"]
[White "Kiss Pal"]
[Black "Zsinka Laszlo"]
[Result "1/2-1/2"]
[WhiteElo "2440"]
[BlackElo "2365"]
[PlyCount "40"]
[EventDate "1998.??.??"]
[Source "www.chesslib.no"]
[SourceDate "2004.05.04"]

1. d4 Nf6 2. c4 e6 3. Nf3 b6 4. g3 Bb7 5. Bg2 Bb4+ 6. Bd2 Be7 7. Nc3 O-O 8. O-O d5 9. Ne5 Na6 10. cxd5 exd5 11. Qa4 Qe8 12. Qxe8 Rfxe8 13. Rfd1 c5 14. Bf4 Red8 15. Rac1 Ne4 16. dxc5 Naxc5 17. Nb5 a5 18. Nd4 Bf6 19. Ng4 Bxd4 20. Rxd4 Ne6 1/2-1/2

[Event "otb"]
[Site "otb"]
[Date "2007.04.02"]
[Round "2"]
[White "Fogel Pierre"]
[Black "Spraggett Kevin B"]
[Result "1/2-1/2"]
[WhiteElo "2171"]
[BlackElo "2631"]
[PlyCount "69"]
[Source "www.chesslib.no"]
[SourceDate "2004.05.04"]

1. d4 Nf6 2. c4 e6 3. Nf3 b6 4. g3 Bb7 5. Bg2 Bb4+ 6. Bd2 Be7 7. O-O O-O 8. Nc3 Na6 9. Bf4 d5 10. Ne5 c5 11. dxc5 Nxc5 12. cxd5 exd5 13. Be3 Re8 14. Bd4 Ne6 15. Nf3 Ne4 16. Rc1 Rc8 17. Qd3 a6 18. Rfd1 b5 19. Be3 Nxc3 20. Rxc3 Bf6 21. Rxc8 Qxc8 22. Bd4 Nxd4 23. Nxd4 Bxd4 24. Qxd4 Rxe2 25. Bxd5 Bxd5 26. Qxd5 g6 27. Qd8+ Qxd8 28. Rxd8+ Kg7 29. Ra8 Rxb2 30. Rxa6 h5 31. h4 b4 32. Kg2 b3 33. axb3 Rxb3 34. Rc6 Rb2 35. Kf3 1/2-1/2

[Event "Hungary HUN"]
[Site "?"]
[Date "2006.02.26"]
[Round "8"]
[White "Krizsany Laszlo"]
[Black "Zsinka Laszlo"]
[Result "1/2-1/2"]
[WhiteElo "2451"]
[BlackElo "2335"]
[PlyCount "39"]
[EventDate "2006.??.??"]
[Source "www.chesslib.no"]
[SourceDate "2004.05.04"]

1. d4 Nf6 2. c4 e6 3. Nf3 b6 4. g3 Bb7 5. Bg2 Bb4+ 6. Bd2 Be7 7. Nc3 O-O 8. O-O d5 9. cxd5 exd5 10. Rc1 Na6 11. Bf4 c5 12. Ne5 Ne4 13. Nxe4 dxe4 14. dxc5 Nxc5 15. Qc2 Qd5 16. Rfd1 Qe6 17. b4 Na6 18. Bxe4 Bxe4 19. Qxe4 Nxb4 20. a3 1/2-1/2

[Event "Ch team"]
[Site "Ch Netherlands (team)"]
[Date "1995.??.??"]
[Round "1"]
[White "Douven, Rudy C"]
[Black "Langeweg, Kick"]
[Result "0-1"]
[WhiteElo "2400"]
[BlackElo "2385"]
[PlyCount "74"]
[EventDate "1995.??.??"]
[Source "www.chesslib.no"]
[SourceDate "2004.05.04"]

1. d4 Nf6 2. c4 e6 3. Nf3 b6 4. g3 Bb7 5. Bg2 Bb4+ 6. Bd2 Be7 7. Nc3 O-O 8. O-O Na6 9. Rc1 c5 10. d5 exd5 11. Nh4 g6 12. cxd5 d6 13. f4 b5 14. e4 b4 15. Ne2 Re8 16. f5 Nd7 17. Nf4 Bxh4 18. gxh4 Qxh4 19. Be1 Qh6 20. Bg3 Ne5 21. Kh1 Nc7 22. Nd3 Nxd3 23. Qxd3 Ba6 24. Qf3 Bxf1 25. Rxf1 Nb5 26. Qd3 a6 27. f6 Qg5 28. Bh3 Rad8 29. Bg2 Rc8 30. b3 Rcd8 31. h4 Qh6 32. Kh2 Kh8 33. Kh3 g5 34. Rf5 Rg8 35. Bf3 Nd4 36. Qxa6 Nxf5 37. exf5 Qxf6 0-1

[Event "HUN-chT1 9596"]
[Site "HUN"]
[Date "1995.??.??"]
[Round "6"]
[White "Csiszar, Csaba"]
[Black "Szilagyi, Peter"]
[Result "1-0"]
[WhiteElo "2380"]
[BlackElo "2400"]
[PlyCount "79"]
[EventDate "1995.??.??"]
[Source "www.chesslib.no"]
[SourceDate "2004.05.04"]

1. d4 Nf6 2. c4 e6 3. Nf3 b6 4. g3 Bb7 5. Bg2 Bb4+ 6. Bd2 Be7 7. Nc3 O-O 8. O-O c6 9. Bf4 d6 10. e4 d5 11. Ne5 dxc4 12. Nxc4 Ba6 13. b3 b5 14. Ne5 Qa5 15. Ne2 Nfd7 16. Nd3 b4 17. Re1 Rc8 18. Nb2 e5 19. Be3 Bf6 20. f4 Rd8 21. Nc4 Bxc4 22. bxc4 c5 23. dxe5 Nxe5 24. Qb3 Nec6 25. e5 Be7 26. Rad1 Rc8 27. Qb1 a6 28. Qf5 Rf8 29. Nc1 Ra7 30. Be4 g6 31. Qh3 Qc7 32. Nb3 a5 33. Rd5 a4 34. Nxc5 b3 35. Nd3 Rb7 36. axb3 Rxb3 37. f5 Re8 38. e6 fxe6 39. fxg6 Bf6 40. Rh5 1-0

[Event "NED Team Ch 9495"]
[Site "NED"]
[Date "1994.??.??"]
[Round "6"]
[White "Van der Griendt, Jan Willem"]
[Black "Langeweg, Kick"]
[Result "0-1"]
[WhiteElo "2390"]
[BlackElo "2390"]
[PlyCount "72"]
[EventDate "1994.??.??"]
[Source "www.chesslib.no"]
[SourceDate "2004.05.04"]

1. d4 Nf6 2. c4 e6 3. Nf3 b6 4. g3 Bb7 5. Bg2 Bb4+ 6. Bd2 Be7 7. Nc3 O-O 8. O-O d5 9. cxd5 exd5 10. Rc1 Nbd7 11. Bf4 c6 12. Ne1 Re8 13. Nc2 Nf8 14. Re1 Ne6 15. Be3 a5 16. f3 h5 17. Bf2 g6 18. a3 Bf8 19. b4 axb4 20. axb4 Ba6 21. e4 dxe4 22. fxe4 Ng4 23. e5 Rc8 24. d5 cxd5 25. Nxd5 Nxf2 26. Kxf2 Bg7 27. Qd2 Bb7 28. Rcd1 Bxd5 29. Bxd5 Bxe5 30. Kg2 Bc3 31. Qc1 Bxe1 32. Bxe6 Qf6 33. Bxc8 Qf2+ 34. Kh3 Re2 35. Kh4 Rxc2 36. Rd8+ Kg7 0-1

[Event "Gyula"]
[Site "Gyula HUN"]
[Date "1993.??.??"]
[Round "3"]
[White "Berebora, Ferenc"]
[Black "Kaunas, Kestutis"]
[Result "1/2-1/2"]
[WhiteElo "2425"]
[BlackElo "2350"]
[PlyCount "118"]
[EventDate "1993.??.??"]
[Source "www.chesslib.no"]
[SourceDate "2004.05.04"]

1. d4 Nf6 2. c4 e6 3. Nf3 b6 4. g3 Bb7 5. Bg2 Bb4+ 6. Bd2 Be7 7. Nc3 O-O 8. O-O d5 9. cxd5 exd5 10. Rc1 Na6 11. Ne5 c5 12. Be3 Re8 13. f4 cxd4 14. Bxd4 Nc5 15. e3 Bf8 16. Rf2 Ne6 17. a3 Nxd4 18. exd4 Rc8 19. Qb3 Rc7 20. Rfc2 Ree7 21. Nb5 Rxc2 22. Qxc2 a6 23. Na7 Qe8 24. Qb3 b5 25. Bh3 Qa8 26. Nc8 Re8 27. Qc3 Bxc8 28. Bxc8 Qa7 29. Kh1 Ne4 30. Qc7 Qxc7 31. Rxc7 Bd6 32. Rc6 a5 33. Bf5 Bxe5 34. fxe5 g6 35. Rc8 Rxc8 36. Bxc8 Nf2+ 37. Kg2 Nd3 38. Bb7 Nxb2 39. Bxd5 Kf8 40. Kf3 b4 41. axb4 axb4 42. Bb3 Nd3 43. Ke3 Nc1 44. Bc4 b3 45. Kd2 Na2 46. Bxb3 Nb4 47. Kc3 Nc6 48. Kc4 Ke7 49. Kc5 Nb8 50. Kb6 Nd7+ 51. Kc7 f5 52. Ba4 Nxe5 53. dxe5 Ke6 54. Bc6 g5 55. Bf3 g4 56. Bg2 Kxe5 57. Kd7 f4 58. Ke7 fxg3 59. hxg3 Kf5 1/2-1/2

[Event "It (Open) Basel SUI"]
[Site "?"]
[Date "2006.01.07"]
[Round "7"]
[White "Peredy Ferenc"]
[Black "Izsak Gyula"]
[Result "1/2-1/2"]
[WhiteElo "2343"]
[BlackElo "2431"]
[PlyCount "108"]
[EventDate "2006.??.??"]
[Source "www.chesslib.no"]
[SourceDate "2004.05.04"]

1. d4 Nf6 2. c4 e6 3. Nf3 b6 4. g3 Bb7 5. Bg2 Bb4+ 6. Bd2 Be7 7. Nc3 O-O 8. Qc2 c6 9. e4 d5 10. e5 Nfd7 11. cxd5 cxd5 12. O-O Nc6 13. a3 Rc8 14. Rfc1 a6 15. Be3 h6 16. Bf1 Re8 17. Qd1 Na5 18. b3 Nc6 19. Bd3 Rc7 20. Ne2 Na7 21. h4 Nb5 22. a4 Na7 23. Nf4 Nc6 24. Nh5 Bf8 25. Qd2 Bb4 26. Qd1 Bf8 27. Qd2 Bb4 28. Qd1 Bf8 29. Ne1 Rc8 30. Ng2 Nb4 31. Rxc8 Qxc8 32. Rc1 Qa8 33. Bb1 Rc8 34. Qg4 Rxc1+ 35. Bxc1 Kh8 36. Ngf4 Qe8 37. Be3 Nc6 38. Nd3 Ne7 39. f3 Nf5 40. Bd2 b5 41. a5 Bc8 42. b4 Nb8 43. Nc5 Nc6 44. Bc3 Nce7 45. Kf2 Nc6 46. Bd3 Nce7 47. Nf4 Qd8 48. Bc2 Kg8 49. Nfd3 Nc6 50. Nb3 Nce7 51. Ndc5 Nc6 52. Bd3 Nce7 53. Bc2 Nc6 54. Bd3 Nce7 1/2-1/2

[Event "Szombathely"]
[Site "Szombathely"]
[Date "1993.??.??"]
[Round "5"]
[White "Voloshin, Leonid"]
[Black "Zsinka, Laszlo"]
[Result "1-0"]
[WhiteElo "2420"]
[BlackElo "2350"]
[PlyCount "81"]
[EventDate "1993.??.??"]
[Source "www.chesslib.no"]
[SourceDate "2004.05.04"]

1. d4 Nf6 2. c4 e6 3. Nf3 b6 4. g3 Bb7 5. Bg2 Bb4+ 6. Bd2 Be7 7. O-O O-O 8. Nc3 d5 9. cxd5 exd5 10. Rc1 Na6 11. Ne5 c5 12. Be3 Qd6 13. Qc2 Rfd8 14. Rfd1 Qe6 15. Qb1 h6 16. a3 Bf8 17. Nd3 Qf5 18. dxc5 Nxc5 19. Nxc5 Qxb1 20. Nxb1 bxc5 21. Bxc5 Ba6 22. Bxf8 Kxf8 23. e3 Bc4 24. Rd4 Rab8 25. Rc2 a5 26. Rcd2 Ke7 27. Nc3 Ke6 28. e4 Bb3 29. f4 Re8 30. e5 Ne4 31. Nxe4 dxe4 32. Bxe4 Rec8 33. Rd7 Rc1+ 34. Kf2 Rb6 35. Bg2 Rc2 36. Rxc2 Bxc2 37. Rb7 Ra6 38. Bh3+ f5 39. Rxg7 Kd5 40. Rd7+ Kc4 41. Bf1+ 1-0